Online
Catalog

Tierra de la primavera / (Record no. 14026)

MARC details
000 -CABECERA
campo de control de longitud fija 01021nam a2200277 a 4500
001 - NÚMERO DE CONTROL
campo de control 000014436
005 - FECHA Y HORA DE LA ÚLTIMA TRANSACCIÓN
campo de control 20200929163842.0
008 - DATOS DE LONGITUD FIJA--INFORMACIÓN GENERAL
campo de control de longitud fija 091214s1996 mx 000 f spa d
020 ## - NÚMERO INTERNACIONAL ESTÁNDAR DEL LIBRO
Número Internacional Estándar del Libro 9682995469
040 ## - FUENTE DE LA CATALOGACIÓN
Centro catalogador/agencia de origen DO-SdBNP
Lengua de catalogación spa
Centro/agencia transcriptor BNPHU
041 17 - CÓDIGO DE LENGUA
Código de lengua del texto/banda sonora o título independiente spa
Código de lengua original ger
Fuente del código Código de idioma MARC
082 ## - NÚMERO DE LA CLASIFICACIÓN DECIMAL DEWEY
Número de clasificación 833.912
Número de documento/Ítem T779t
049 ## - FONDOS LOCALES (OCLC)
Fondos de biblioteca BNGR
100 1# - ENTRADA PRINCIPAL--NOMBRE DE PERSONA
Nombre de persona Traven, B.,
Forma completa/desarrollada del nombre (Bernhard Traven Torsvan),
Fechas asociadas al nombre 1882-1969
9 (RLIN) 32567
240 10 - TÍTULO UNIFORME
Título uniforme Land des frühlings.
Lenguaje de la obra Español
245 10 - MENCIÓN DE TÍTULO
Título Tierra de la primavera /
Mención de responsabilidad, etc. B. Traven ; traducción de Angélica Scherp ; prólogo de Alberto Vital.
260 ## - PUBLICACIÓN, DISTRIBUCIÓN, ETC.
Lugar de publicación, distribución, etc. México :
Nombre del editor, distribuidor, etc. Dirección General de Publicaciones,
Fecha de publicación, distribución, etc. 1996.
300 ## - DESCRIPCIÓN FÍSICA
Extensión 370 p. ;
Dimensiones 21 cm.
490 1# - MENCIÓN DE SERIE
Mención de serie Mirada viajera
534 ## - NOTA SOBRE LA VERSIÓN ORIGINAL
Frase introductoria Título original en alemán:
Mención de título del original Land des frühlings
Publicación, distribución, etc. del original Gutenberg : Frankfurt am Main, 1982
650 #4 - PUNTO DE ACCESO ADICIONAL DE MATERIA--TÉRMINO DE MATERIA
Término de materia o nombre geográfico como elemento de entrada Novela alemana
9 (RLIN) 3302
650 #4 - PUNTO DE ACCESO ADICIONAL DE MATERIA--TÉRMINO DE MATERIA
Término de materia o nombre geográfico como elemento de entrada Literatura alemana
Subdivisión cronológica SIGLO XX
9 (RLIN) 12939
700 1# - PUNTO DE ACCESO ADICIONAL--NOMBRE DE PERSONA
Nombre de persona Scherp, Angélica,
Término indicativo de función/relación tr.
9 (RLIN) 32568
700 1# - PUNTO DE ACCESO ADICIONAL--NOMBRE DE PERSONA
Nombre de persona Vital, Alberto,
Término indicativo de función/relación pról.
9 (RLIN) 32569
830 #0 - PUNTO DE ACCESO ADICIONAL DE SERIE-TÍTULO UNIFORME
Título uniforme Mirada viajera ;
9 (RLIN) 11996
Holdings
Estado de retiro Estado de pérdida Restricciones de uso No para préstamo Código de colección Localización permanente Ubicación/localización actual Ubicación en estantería Fecha de adquisición Número de inventario Total de préstamos Signatura topográfica completa Código de barras Fecha visto por última vez Precio válido a partir de Tipo de ítem Koha
    Préstamo interno   Monografías: Libros y Folletos General General En catalogación 14.12.2009 LF1   833.912 T779t 14436-10 25.06.2020 25.06.2020 Préstamo interno

Powered by Koha